Managing industrial development projects : (Record no. 3712)
[ view plain ]
| 000 -LEADER | |
|---|---|
| fixed length control field | 02731 a2200253 4500 |
| 003 - CONTROL NUMBER IDENTIFIER | |
| control field | Nust |
| 005 - DATE AND TIME OF LATEST TRANSACTION | |
| control field | 20170105101223.0 |
| 008 - FIXED-LENGTH DATA ELEMENTS--GENERAL INFORMATION | |
| fixed length control field | 161125b xxu||||| |||| 00| 0 eng d |
| 020 ## - INTERNATIONAL STANDARD BOOK NUMBER | |
| International Standard Book Number | 0442010877 |
| 020 ## - INTERNATIONAL STANDARD BOOK NUMBER | |
| International Standard Book Number | 9780442010874 |
| 040 ## - CATALOGING SOURCE | |
| Original cataloging agency | 0 |
| Transcribing agency | 0 |
| 082 04 - DEWEY DECIMAL CLASSIFICATION NUMBER | |
| Classification number | 338.90068 |
| 100 1# - MAIN ENTRY--PERSONAL NAME | |
| Personal name | Badiru, Adedeji Bodunde. |
| 245 10 - TITLE STATEMENT | |
| Title | Managing industrial development projects : |
| Remainder of title | a project management approach / |
| Statement of responsibility, etc. | Adedeji Bodunde Badiru. |
| 260 ## - PUBLICATION, DISTRIBUTION, ETC. | |
| Place of publication, distribution, etc. | [S.l.] : |
| Name of publisher, distributor, etc. | Van Nostrand Reinhold, |
| Date of publication, distribution, etc. | 1993. |
| 300 ## - PHYSICAL DESCRIPTION | |
| Extent | 386 p. ; |
| Dimensions | 25 cm. |
| 490 1# - SERIES STATEMENT | |
| Series statement | Vnr project management. |
| 500 ## - GENERAL NOTE | |
| General note | Hardcover. |
| 520 ## - SUMMARY, ETC. | |
| Summary, etc. | Conventional public management techniques in industrial management projects are often insufficient because they cannot respond or adapt to the dynamism of modern and global markets. This guide shows how to overcome these problems by using project management techniques that expedite industrial development in regional, national, and global settings. Using real-world examples and a systems approach, the author provides a project management model that accounts for all critical interfaces in industrial development projects. He explores every aspect of project planning and organization, as well as cultural and human resource issues. Key areas discussed include how to: Schedule and control projects Conduct and evaluate project feasibility studies Select a project manager and staff the project Secure the best experts for various project functions Expedite transfer of industrial technology from developed to developing nations Coverage of budgeting and cash-flow analysis promotes understanding of the cost aspects of projects. Readers are shown how to use the Critical Path Method and Program Evaluation and Review Techniques to streamline project scheduling. They also find out how to use learning curve analysis to evaluate project performance. Guidelines on managing multinational projects are supplemented with case studies that illustrate successful industrial development in different countries. Appendices list numerous research, industrial, and economic resources, as well as United Nations information sources. Managing Industrial Development Projects paves the way for successful outcomes in countries that need them most. It is a valuable reference for practitioners, public administrators, and national policy makers, as well as students in industrial engineering, industrial administration, engineering management, and public administration programs. |
| 830 #0 - SERIES ADDED ENTRY--UNIFORM TITLE | |
| Uniform title | Vnr project management. |
| 856 40 - ELECTRONIC LOCATION AND ACCESS | |
| Materials specified | Amazon.com |
| Uniform Resource Identifier | <a href="http://www.amazon.com/exec/obidos/ASIN/0442010877/chopaconline-20">http://www.amazon.com/exec/obidos/ASIN/0442010877/chopaconline-20</a> |
| 856 40 - ELECTRONIC LOCATION AND ACCESS | |
| Materials specified | Amazon customer reviews |
| Uniform Resource Identifier | <a href="http://www.chopac.org/cgi-bin/tools/azrev.pl?q=0442010877">http://www.chopac.org/cgi-bin/tools/azrev.pl?q=0442010877</a> |
| 942 ## - ADDED ENTRY ELEMENTS (KOHA) | |
| Koha item type | Book |
| Call number prefix | 338.90068 BAD |
| Source of classification or shelving scheme | |
| Withdrawn status | Lost status | Source of classification or shelving scheme | Damaged status | Not for loan | Collection code | Permanent Location | Current Location | Shelving location | Date acquired | Total Checkouts | Full call number | Barcode | Date last seen | Price effective from | Koha item type |
|---|---|---|---|---|---|---|---|---|---|---|---|---|---|---|---|
| Central Library (CL) | Central Library (CL) | General Stacks | 11/25/2016 | 338.90068 BAD | S3H-N-1276 | 11/25/2016 | 11/25/2016 | Book |
